Aquela nuvem e outras (Registo nº 1079)

Detalhes MARC
000 -Etiqueta do registo
Cabeçalho 00811nam0a2200265 4500
005 - Identificador da versão
Campo de controlo 20240813121825.0
010 ## - Número internacional normalizado dos livros (ISBN)
Número (ISBN) 9895521111
021 ## - Número do Depósito Legal
Código do país PT
Número M-24695-2005
100 ## - Dados gerais de processamento
Dados gerais de processamento 20151030d2005 a y0pory5003 ba
102 ## - Pais de publicação ou produção
País de publicação Portugal
101 0# - Língua de publicação
Língua do texto, banda sonora, etc. Português
215 ## - Descrição física 
Indicação específica da natureza do documento e extensão da espécie [42] p.
Outras indicações físicas il. color
200 1# - Titulo e menção de responsabilidade
Título próprio Aquela nuvem e outras
Primeira menção de responsabilidade poemas de Eugénio de Andrade
Outras menções de responsabilidade il. de Joana Quental
225 2# - Colecção 
Título próprio da colecção Biblioteca "Tempo dos mais novos"
Indicação de volume 2
205 ## - Menção da edição
Menção da edição 1ª ed.
210 ## - Publicação, Distribuição, etc. 
Lugar da edição, distribuição, etc. Vila Nova de Famalicão
Nome do editor, distribuidor, etc. Quasi Ed.
Data da publicação, distribuição, etc. 2005
606 ## - Nome comum usado como assunto
Número de registo de entrada de autoridade 0002660
Palavra de ordem Literatura portugesa
Subdivisão de assunto Poesia
Código do sistema CA
675 ## - Classificação Decimal Universal (CDU)
Notação 821.134.3-1
Edição 3ª ed.
Língua da edição por
701 #1 - Nome de autor-pessoa física (co-responsabilidade principal)
Palavra de ordem Quental
Outra parte do nome não tomada para palavra de ordem Joana
Código de função Ilustrador / Técnico de desenho computorizado
700 #1 - Nome de autor-pessoa física (responsabilidade principal)
Número de registo de entrada de autoridade 0002661
Palavra de ordem Andrade
Outra parte do nome não tomada para palavra de ordem Eugénio de
Elementos de identificação ou distinção pseud.
Datas 1923-
966 ## - Identificação da Biblioteca
Sigla EB2,3ENM
942 ## - Elementos de entrada adicionados (Koha)
Tipo de item no Koha Livro
Exemplares
Situação do levantamento Origin of item (home branch) (coded) Biblioteca de empréstimo Código de barras Cota Circulation type (not for loan) Tipo de documento Nota do exemplar Damaged status
  Biblioteca Escolar Eng. Nuno Mergulhão Biblioteca Escolar Eng. Nuno Mergulhão BENM1967 82LP-1 AND   Livro Sem mensagem